[Event "DEN-ch (Women)"]
[Site "Svendborg"]
[Date "2015.04.05"]
[Round "6"]
[White "Frank Nielsen, Marie"]
[Black "Olsen, Miriam F"]
[Result "1/2-1/2"]
[WhiteElo "1887"]
[BlackElo "2012"]
[PlyCount "42"]
[EventDate "2015.03.31"]
[EventType "swiss"]
[EventRounds "7"]
[EventCountry "DEN"]
[SourceTitle "EXT 2019"]
[Source "ChessBase"]
[SourceDate "2018.10.10"]
[SourceVersion "1"]
[SourceVersionDate "2018.10.10"]
[SourceQuality "1"]

1. e4 c5 2. Nf3 Nc6 3. d4 cxd4 4. Nxd4 e6 5. Nc3 a6 6. Be3 Qc7 7. Qd2 Nf6 8. f3 Bb4 9. 0-0-0 Na5 10. g4 d6 11. Kb1 Bxc3 12. Qxc3 Qxc3 13. bxc3 b5 14. Bc1 Nd7 15. Ba3 Nb7 16. Bg2 Ne5 17. Rhe1 Nc4 18. Bc1 Nc5 19. h3 Na4 20. Rd3 Nc5 21. Rdd1 Na4 1/2-1/2

[Event "Andorra op 32nd"]
[Site "La Massana"]
[Date "2014.07.19"]
[Round "1"]
[White "Kogan, Artur"]
[Black "Olsen, Miriam F"]
[Result "1-0"]
[WhiteElo "2548"]
[BlackElo "2024"]
[PlyCount "55"]
[EventDate "2014.07.19"]
[EventType "swiss"]
[EventRounds "9"]
[EventCountry "AND"]
[SourceTitle "CBM 161 Extra"]
[Source "ChessBase"]
[SourceDate "2014.08.29"]
[SourceVersion "1"]
[SourceVersionDate "2014.08.29"]
[SourceQuality "1"]

1. d4 Nf6 2. Nf3 e6 3. Bg5 Be7 4. Nbd2 d5 5. e3 c5 6. Bd3 Nc6 7. c3 cxd4 8. exd4 Qc7 9. Qe2 Bd7 10. Ne5 h6 11. Bh4 0-0 12. 0-0 a6 13. Rae1 b5 14. a3 Rae8 15. f4 Bc8 16. Bb1 Nh7 17. Bxe7 Nxe7 18. Nb3 f5 19. g4 fxg4 20. Qxg4 Rf6 21. Nc5 Nf5 22. Rf2 Nf8 23. Rg2 Re7 24. Qh5 Kh7 25. Kh1 a5 26. Reg1 Kh8 27. Ng4 Rg6 28. Nd3 1-0

[Event "Copenhagen Whitsun op"]
[Site "Copenhagen"]
[Date "2014.06.07"]
[Round "5"]
[White "Nicolaisen, Jeppe"]
[Black "Olsen, Miriam F"]
[Result "1/2-1/2"]
[WhiteElo "2050"]
[BlackElo "1980"]
[PlyCount "141"]
[EventDate "2014.06.03"]
[EventType "swiss"]
[EventRounds "9"]
[EventCountry "DEN"]
[SourceTitle "EXT 2015"]
[Source "ChessBase"]
[SourceDate "2014.11.20"]
[SourceVersion "1"]
[SourceVersionDate "2014.11.20"]
[SourceQuality "1"]

1. e4 c5 2. Nf3 e6 3. d4 cxd4 4. Nxd4 Nc6 5. Nc3 a6 6. g3 Qc7 7. Bg2 Nf6 8. 0-0 Be7 9. Re1 Nxd4 10. Qxd4 d6 11. e5 dxe5 12. Qxe5 Qxe5 13. Rxe5 Rb8 14. h3 0-0 15. Re2 Bd6 16. Be3 b6 17. Rd1 Bc7 18. Bg5 Bb7 19. Bxb7 Rxb7 20. Ne4 Nxe4 21. Rxe4 f6 22. Be3 e5 23. Rc4 Rf7 24. Rc3 Kf8 25. Rcd3 Ke8 26. Kg2 Rb8 27. c4 f5 28. Re1 Re7 29. c5 bxc5 30. Bxc5 Re6 31. b4 a5 32. a3 axb4 33. axb4 e4 34. Rde3 Rg6 35. Ra3 Rd8 36. Ra7 Rd7 37. b5 Bb6 38. Rxd7 Kxd7 39. Bxb6 Rxb6 40. Ra1 Rb7 41. g4 Ke6 42. Ra5 f4 43. Ra4 Ke5 44. Rb4 Rb6 45. h4 h6 46. h5 Kd5 47. f3 e3 48. Rxf4 g5 49. hxg6 Rxg6 50. Kf1 Ke5 51. Re4+ Kd5 52. Rxe3 Rb6 53. f4 Kd4 54. Re5 Rf6 55. Rf5 Rg6 56. g5 hxg5 57. Rxg5 Rf6 58. Rg4 Kc5 59. Ke2 Kxb5 60. Kf3 Kc6 61. Rg5 Kd6 62. Re5 Re6 63. Rxe6+ Kxe6 64. Ke4 Kf6 65. f5 Kf7 66. Ke5 Ke7 67. f6+ Kf7 68. Kf5 Kf8 69. Kg6 Kg8 70. f7+ Kf8 71. Kf6 1/2-1/2

[Event "Copenhagen Challenge"]
[Site "Ballerup"]
[Date "2014.05.17"]
[Round "7"]
[White "Olsen, Miriam F"]
[Black "Brondal, Paul"]
[Result "1/2-1/2"]
[WhiteElo "1952"]
[BlackElo "2078"]
[PlyCount "67"]
[EventDate "2014.05.14"]
[EventType "swiss"]
[EventRounds "9"]
[EventCountry "DEN"]
[SourceTitle "CBM 160 Extra"]
[Source "ChessBase"]
[SourceDate "2014.07.01"]
[SourceVersion "1"]
[SourceVersionDate "2014.07.01"]
[SourceQuality "1"]

1. e4 c6 2. d4 d5 3. e5 Bf5 4. Nd2 e6 5. Nb3 Nd7 6. Nf3 Bg4 7. Be2 Ne7 8. Bd2 Nc8 9. a4 Be7 10. 0-0 0-0 11. a5 c5 12. c4 dxc4 13. Bxc4 cxd4 14. Bf4 Bc5 15. Nxc5 Nxc5 16. Qxd4 Bxf3 17. Qxc5 Bc6 18. b4 Qe7 19. Be3 a6 20. Rfd1 Re8 21. Bb3 Qxc5 22. Bxc5 Ne7 23. Bxe7 Rxe7 24. Rd6 Kf8 25. Rad1 Ke8 26. Bc2 g6 27. R1d4 Rd7 28. Rxd7 Bxd7 29. Be4 Rc8 30. g3 Rc7 31. Kg2 Bc6 32. Bxc6+ Rxc6 33. g4 h6 34. h4 1/2-1/2

[Event "Copenhagen Challenge"]
[Site "Ballerup"]
[Date "2014.05.16"]
[Round "4"]
[White "Olsen, Miriam F"]
[Black "Slettebo, Jan"]
[Result "1-0"]
[WhiteElo "1952"]
[BlackElo "2040"]
[PlyCount "39"]
[EventDate "2014.05.14"]
[EventType "swiss"]
[EventRounds "9"]
[EventCountry "DEN"]
[SourceTitle "CBM 160 Extra"]
[Source "ChessBase"]
[SourceDate "2014.07.01"]
[SourceVersion "1"]
[SourceVersionDate "2014.07.01"]
[SourceQuality "1"]

1. e4 e5 2. Nf3 Nc6 3. d4 exd4 4. Nxd4 Nf6 5. Nxc6 bxc6 6. e5 Qe7 7. Qe2 Nd5 8. c4 Nb6 9. Nc3 Qe6 10. a3 Ba6 11. b3 0-0-0 12. Bb2 Re8 13. Ne4 f6 14. g3 Kb7 15. Qe3 fxe5 16. Bg2 d5 17. Ng5 Qg6 18. 0-0 h6 19. Nf3 d4 20. Nxe5 1-0

[Event "Copenhagen Challenge"]
[Site "Ballerup"]
[Date "2014.05.15"]
[Round "3"]
[White "Nielsen, Thomas1111"]
[Black "Olsen, Miriam F"]
[Result "0-1"]
[WhiteElo "1600"]
[BlackElo "1952"]
[PlyCount "58"]
[EventDate "2014.05.14"]
[EventType "swiss"]
[EventRounds "9"]
[EventCountry "DEN"]
[SourceTitle "CBM 160 Extra"]
[Source "ChessBase"]
[SourceDate "2014.07.01"]
[SourceVersion "1"]
[SourceVersionDate "2014.07.01"]
[SourceQuality "1"]

1. d4 Nf6 2. Nf3 e6 3. e3 b6 4. b3 Bb7 5. Ba3 Be7 6. Bxe7 Qxe7 7. Be2 Ne4 8. 0-0 0-0 9. c4 f5 10. Qc2 d6 11. Nbd2 e5 12. d5 Nxd2 13. Qxd2 Nd7 14. e4 f4 15. g3 Rf7 16. Nh4 Nf6 17. Nf5 Qf8 18. Bf3 g6 19. Nh4 Bc8 20. Ng2 g5 21. gxf4 gxf4 22. Kh1 Qh6 23. Rg1 Kh8 24. Qe2 Bd7 25. h4 Rg8 26. h5 Ng4 27. Nxf4 Rxf4 28. Bxg4 Bxg4 29. Rxg4 Rfxg4 0-1

[Event "Gibraltar Challengers-A 12th"]
[Site "Caleta"]
[Date "2014.01.31"]
[Round "5"]
[White "Olsen, Miriam F"]
[Black "Nyland, Thomas"]
[Result "1-0"]
[WhiteElo "1997"]
[BlackElo "2047"]
[PlyCount "103"]
[EventDate "2014.01.27"]
[EventType "swiss"]
[EventRounds "5"]
[EventCountry "GGB"]
[SourceTitle "CBM 158 Extra"]
[Source "ChessBase"]
[SourceDate "2014.02.28"]
[SourceVersion "1"]
[SourceVersionDate "2014.02.28"]
[SourceQuality "1"]

1. e4 e5 2. Nf3 Nc6 3. d4 exd4 4. Nxd4 Nf6 5. Nxc6 bxc6 6. e5 Qe7 7. Qe2 Nd5 8. c4 Ba6 9. b3 0-0-0 10. g3 Re8 11. Bb2 f6 12. Bg2 fxe5 13. 0-0 Nf6 14. Ba3 Qe6 15. Qd2 Bxa3 16. Nxa3 Bb7 17. Qa5 Kb8 18. Rac1 e4 19. Nc2 Qe5 20. c5 Nd5 21. Rfe1 Qb2 22. Qd2 e3 23. fxe3 Re5 24. Qd4 Qxd4 25. exd4 Ree8 26. Re5 Rxe5 27. dxe5 Re8 28. Re1 Kc8 29. Nd4 Nb4 30. e6 dxe6 31. Nxe6 Nxa2 32. Ra1 Nb4 33. Bh3 Kb8 34. Nxg7 Re3 35. Rf1 a6 36. Rf8+ Ka7 37. Be6 Nd5 38. Bxd5 cxd5 39. Rf7 c6 40. b4 Re4 41. Rf4 a5 42. Rxe4 dxe4 43. bxa5 Ka6 44. Ne6 Kxa5 45. Ng5 e3 46. Ne4 Kb4 47. Kf1 Ba6+ 48. Ke1 Kc4 49. g4 Kd4 50. Nf6 Bd3 51. Nd7 Ke4 52. Nf8 1-0

[Event "Politiken Cup 35th"]
[Site "Helsingor"]
[Date "2013.08.01"]
[Round "7"]
[White "Olsen, Miriam F"]
[Black "Kristensen, Kjell Ole"]
[Result "0-1"]
[WhiteElo "1959"]
[BlackElo "2141"]
[PlyCount "62"]
[EventDate "2013.07.27"]
[EventType "swiss"]
[EventRounds "10"]
[EventCountry "DEN"]
[SourceTitle "CBM 155 Extra"]
[Source "ChessBase"]
[SourceDate "2013.08.26"]
[SourceVersion "1"]
[SourceVersionDate "2013.08.26"]
[SourceQuality "1"]

1. e4 c5 2. Nf3 e6 3. d4 cxd4 4. Nxd4 Bc5 5. Nb3 Bb6 6. Nc3 Ne7 7. Bf4 d5 8. exd5 Nxd5 9. Nxd5 exd5 10. Bb5+ Nc6 11. 0-0 0-0 12. c3 Qf6 13. Bg3 Be6 14. Qe2 Rad8 15. Bxc6 bxc6 16. Be5 Qg6 17. a4 Rde8 18. Rfe1 Bf5 19. Qd2 Be4 20. Bg3 h5 21. a5 Bd8 22. f3 Bxf3 23. gxf3 h4 24. Qg2 hxg3 25. hxg3 Bc7 26. Kh2 Rxe1 27. Rxe1 Rb8 28. Nd4 Bxg3+ 29. Qxg3 Rxb2+ 30. Kh3 Qh5+ 31. Qh4 Rh2+ 0-1

[Event "Politiken Cup 35th"]
[Site "Helsingor"]
[Date "2013.07.28"]
[Round "2"]
[White "Olsen, Miriam F"]
[Black "Kearsley, Raymond J"]
[Result "1-0"]
[WhiteElo "1959"]
[BlackElo "1764"]
[PlyCount "55"]
[EventDate "2013.07.27"]
[EventType "swiss"]
[EventRounds "10"]
[EventCountry "DEN"]
[SourceTitle "CBM 155 Extra"]
[Source "ChessBase"]
[SourceDate "2013.08.26"]
[SourceVersion "1"]
[SourceVersionDate "2013.08.26"]
[SourceQuality "1"]

1. e4 c5 2. Nf3 e6 3. d4 cxd4 4. Nxd4 Bc5 5. Nb3 Bb6 6. Nc3 Ne7 7. Qg4 Ng6 8. Bg5 f6 9. Bd2 Nc6 10. h4 Kf7 11. h5 Nge7 12. Na4 Bc7 13. 0-0-0 Ne5 14. Qh4 Qe8 15. f4 N5c6 16. Be2 d5 17. h6 g6 18. Bc3 Ng8 19. exd5 exd5 20. Bf3 Nce7 21. Nac5 b6 22. Rde1 Qc6 23. Nd3 Nf5 24. Qf2 Nge7 25. g4 Nd6 26. Nb4 Qc4 27. Be2 Ne4 28. Qe3 1-0

[Event "Politiken Cup 35th"]
[Site "Helsingor"]
[Date "2013.07.28"]
[Round "3"]
[White "Rydstrom, Tom"]
[Black "Olsen, Miriam F"]
[Result "1-0"]
[WhiteElo "2172"]
[BlackElo "1959"]
[PlyCount "75"]
[EventDate "2013.07.27"]
[EventType "swiss"]
[EventRounds "10"]
[EventCountry "DEN"]
[SourceTitle "CBM 155 Extra"]
[Source "ChessBase"]
[SourceDate "2013.08.26"]
[SourceVersion "1"]
[SourceVersionDate "2013.08.26"]
[SourceQuality "1"]

1. e4 c5 2. Nf3 e6 3. d4 cxd4 4. Nxd4 Nc6 5. Nc3 a6 6. Nxc6 bxc6 7. Bd3 d5 8. 0-0 Nf6 9. Qf3 Be7 10. Qg3 0-0 11. e5 Nh5 12. Qh3 g6 13. Bh6 Ng7 14. Kh1 a5 15. Rad1 Rb8 16. b3 Rb4 17. f4 a4 18. Nxa4 Qa5 19. Nb2 c5 20. Ra1 Qa3 21. Na4 Bd7 22. c3 Rxa4 23. bxa4 Qxa4 24. Bg5 f6 25. Bh4 c4 26. Be2 Nf5 27. Bf2 Qc2 28. Bg4 Qd2 29. Bxf5 exf5 30. Qe3 Qxe3 31. Bxe3 fxe5 32. fxe5 Ra8 33. Rfb1 Kf7 34. Rb7 Ke6 35. Ra7 Rb8 36. a4 Rb3 37. Bd4 Bd8 38. a5 1-0

[Event "WMSG Rapid Team 1st (Women)"]
[Site "Beijing"]
[Date "2008.10.16"]
[Round "9"]
[White "Garcia Garcia, Edith"]
[Black "Olsen, Miriam F"]
[Result "1/2-1/2"]
[WhiteElo "2038"]
[BlackElo "2004"]
[PlyCount "67"]
[EventDate "2008.10.14"]
[EventType "team (rapid)"]
[EventRounds "9"]
[EventCountry "CHN"]
[SourceTitle "CBM 126 Extra"]
[Source "ChessBase"]
[SourceDate "2008.11.05"]
[SourceVersion "1"]
[SourceVersionDate "2008.11.05"]
[SourceQuality "1"]

1. e4 c5 2. Nf3 e6 3. d4 cxd4 4. Nxd4 Nc6 5. Be3 Nf6 6. Bd3 Qc7 7. c3 a6 8. Nd2 d5 9. h3 Ne5 10. Bc2 dxe4 11. Nxe4 Nxe4 12. Bxe4 Nc4 13. Bc1 Be7 14. 0-0 Bd7 15. Re1 Rc8 16. Qe2 h6 17. Qg4 Bf6 18. Qe2 0-0 19. Bd3 b5 20. Qe4 g6 21. Bxh6 Bg7 22. Bxg7 Kxg7 23. b3 Nb6 24. Rac1 Qd6 25. Qe5+ Qxe5 26. Rxe5 Nd5 27. c4 Nb4 28. Bb1 bxc4 29. Rxc4 Rxc4 30. bxc4 Rc8 31. c5 f6 32. Re1 Rxc5 33. a3 Nd5 34. Ba2 1/2-1/2

[Event "WMSG Rapid Team 1st (Women)"]
[Site "Beijing"]
[Date "2008.10.15"]
[Round "3"]
[White "Olsen, Miriam F"]
[Black "Enkhtuul, Altanulzii"]
[Result "0-1"]
[WhiteElo "2004"]
[BlackElo "1977"]
[PlyCount "92"]
[EventDate "2008.10.14"]
[EventType "team (rapid)"]
[EventRounds "9"]
[EventCountry "CHN"]
[SourceTitle "CBM 126 Extra"]
[Source "ChessBase"]
[SourceDate "2008.11.05"]
[SourceVersion "1"]
[SourceVersionDate "2008.11.05"]
[SourceQuality "1"]

1. e4 Nf6 2. e5 Nd5 3. d4 d6 4. c4 Nb6 5. f4 dxe5 6. fxe5 c5 7. d5 e6 8. Nc3 exd5 9. cxd5 Qh4+ 10. g3 Qd4 11. Nf3 Qxd1+ 12. Kxd1 Bg4 13. Be2 N8d7 14. Bf4 h6 15. h4 0-0-0 16. Kc2 Bf5+ 17. Kc1 a6 18. a4 Bg4 19. a5 Bxf3 20. Bxf3 Nc4 21. Bg4 Re8 22. Na4 Kd8 23. e6 fxe6 24. dxe6 Nde5 25. Rd1+ Ke7 26. Bh3 Kf6 27. b3 Nxa5 28. Kb2 Nac6 29. Nc3 Kg6 30. Ne4 Be7 31. Rac1 b6 32. Kb1 Rd8 33. Rf1 Rhf8 34. Rc3 a5 35. Nd2 b5 36. Nf3 Nxf3 37. Rcxf3 Nd4 38. R3f2 a4 39. Be5 Rxf2 40. Rxf2 axb3 41. Rf7 Bf6 42. Bxf6 gxf6 43. e7 Re8 44. Bd7 Kxf7 45. Bxe8+ Kxe8 46. Kb2 b4 0-1

[Event "WMSG Rapid Team 1st (Women)"]
[Site "Beijing"]
[Date "2008.10.14"]
[Round "1"]
[White "Olsen, Miriam F"]
[Black "Van Nies, Pauline"]
[Result "0-1"]
[WhiteElo "2004"]
[BlackElo "2165"]
[PlyCount "45"]
[EventDate "2008.10.14"]
[EventType "team (rapid)"]
[EventRounds "9"]
[EventCountry "CHN"]
[SourceTitle "CBM 126 Extra"]
[Source "ChessBase"]
[SourceDate "2008.11.05"]
[SourceVersion "1"]
[SourceVersionDate "2008.11.05"]
[SourceQuality "1"]

1. e4 c5 2. g3 Nc6 3. Bg2 g6 4. c3 Bg7 5. d3 e5 6. Be3 b6 7. Na3 Nge7 8. f4 d6 9. Ne2 0-0 10. Qd2 d5 11. fxe5 Nxe5 12. Nf4 d4 13. Bf2 Ba6 14. c4 N7c6 15. Nc2 b5 16. b3 bxc4 17. bxc4 Rb8 18. 0-0 Rb2 19. Qc1 Qb6 20. Na3 Qb4 21. Nb5 Qd2 22. a4 Nb4 23. Qxd2 0-1

[Event "WMSG Blitz Team 1st (Women)"]
[Site "Beijing"]
[Date "2008.10.13"]
[Round "11"]
[White "Garcia Garcia, Edith"]
[Black "Olsen, Miriam F"]
[Result "1-0"]
[WhiteElo "2038"]
[BlackElo "2004"]
[PlyCount "67"]
[EventDate "2008.10.13"]
[EventType "team (blitz)"]
[EventRounds "11"]
[EventCountry "CHN"]
[SourceTitle "CBM 126 Extra"]
[Source "ChessBase"]
[SourceDate "2008.11.05"]
[SourceVersion "1"]
[SourceVersionDate "2008.11.05"]
[SourceQuality "1"]

1. e4 c5 2. Nf3 e6 3. d4 cxd4 4. Nxd4 Nc6 5. Be3 Qc7 6. Nc3 a6 7. Bd3 Nf6 8. Nb3 Be7 9. 0-0 0-0 10. Qe2 d5 11. f4 Rd8 12. e5 Nd7 13. Nd4 Nf8 14. Kh1 b5 15. a3 Nxd4 16. Bxd4 Bb7 17. Qg4 Rac8 18. Rf3 Bc5 19. Bxc5 Qxc5 20. Rg3 g6 21. f5 exf5 22. Bxf5 Rc7 23. Bd3 Ne6 24. h4 Kh8 25. h5 Nd4 26. hxg6 fxg6 27. Bxg6 hxg6 28. Qxg6 Rh7+ 29. Rh3 Rxh3+ 30. gxh3 Nf3 31. Qh5+ Kg7 32. Qxf3 Rf8 33. Rg1+ Kh8 34. Qh5# 1-0

[Event "WMSG Blitz Team 1st (Women)"]
[Site "Beijing"]
[Date "2008.10.13"]
[Round "7"]
[White "Horn, Emilia"]
[Black "Olsen, Miriam F"]
[Result "1-0"]
[WhiteElo "2041"]
[BlackElo "2004"]
[PlyCount "85"]
[EventDate "2008.10.13"]
[EventType "team (blitz)"]
[EventRounds "11"]
[EventCountry "CHN"]
[SourceTitle "CBM 126 Extra"]
[Source "ChessBase"]
[SourceDate "2008.11.05"]
[SourceVersion "1"]
[SourceVersionDate "2008.11.05"]
[SourceQuality "1"]

1. e4 c5 2. Nf3 e6 3. d3 Nc6 4. g3 Qc7 5. Bg2 Nf6 6. 0-0 Be7 7. Re1 d6 8. c3 e5 9. h3 0-0 10. Nbd2 h6 11. Nf1 Be6 12. g4 d5 13. Qe2 dxe4 14. dxe4 Rab8 15. Ng3 b5 16. a3 Bc4 17. Qe3 Na5 18. Nd2 Be6 19. Nf5 Rfd8 20. b4 Nc4 21. Nxe7+ Qxe7 22. Nxc4 Bxc4 23. Qxc5 Qxc5 24. bxc5 Nd7 25. Be3 Rdc8 26. f4 Nxc5 27. fxe5 Nd3 28. Red1 Nxe5 29. Rd6 Rb7 30. Rad1 Kh7 31. Bf4 Nd3 32. R1xd3 Bxd3 33. Rxd3 a5 34. Be5 b4 35. cxb4 axb4 36. axb4 Rxb4 37. Rd7 Rb1+ 38. Kh2 Kg6 39. h4 h5 40. gxh5+ Kxh5 41. Rxf7 g5 42. Rh7+ Kg6 43. Rg7+ 1-0

[Event "WMSG Blitz Team 1st (Women)"]
[Site "Beijing"]
[Date "2008.10.13"]
[Round "6"]
[White "Olsen, Miriam F"]
[Black "Klimets, Elena"]
[Result "1-0"]
[WhiteElo "2004"]
[BlackElo "2129"]
[PlyCount "49"]
[EventDate "2008.10.13"]
[EventType "team (blitz)"]
[EventRounds "11"]
[EventCountry "CHN"]
[SourceTitle "CBM 126 Extra"]
[Source "ChessBase"]
[SourceDate "2008.11.05"]
[SourceVersion "1"]
[SourceVersionDate "2008.11.05"]
[SourceQuality "1"]

1. e4 d6 2. d4 Nf6 3. Nc3 g6 4. g3 Bg7 5. Bg2 0-0 6. Nge2 e5 7. 0-0 c6 8. h3 b5 9. a3 a6 10. Be3 Nbd7 11. Qd2 Nb6 12. b3 Qe7 13. dxe5 Nfd7 14. exd6 Qe6 15. f4 Bb7 16. e5 Rab8 17. Nd4 Qe8 18. Nxc6 Bxc6 19. Bxc6 Qc8 20. Bxd7 Nxd7 21. Nd5 Qb7 22. c4 Nxe5 23. fxe5 Bxe5 24. Bf4 bxc4 25. Qd4 1-0

[Event "WMSG Blitz Team 1st (Women)"]
[Site "Beijing"]
[Date "2008.10.13"]
[Round "1"]
[White "Skinke, Katrina"]
[Black "Olsen, Miriam F"]
[Result "1-0"]
[WhiteElo "2186"]
[BlackElo "2004"]
[PlyCount "57"]
[EventDate "2008.10.13"]
[EventType "team (blitz)"]
[EventRounds "11"]
[EventCountry "CHN"]
[SourceTitle "CBM 126 Extra"]
[Source "ChessBase"]
[SourceDate "2008.11.05"]
[SourceVersion "1"]
[SourceVersionDate "2008.11.05"]
[SourceQuality "1"]

1. e4 c5 2. Nf3 e6 3. d4 cxd4 4. Nxd4 Nc6 5. Be3 Qc7 6. Bd3 a6 7. 0-0 Nf6 8. Nc3 Be7 9. a4 0-0 10. h3 d6 11. Qe2 Ne5 12. Rfd1 Nxd3 13. cxd3 b6 14. Rdc1 Qb7 15. a5 b5 16. Na2 d5 17. e5 Nd7 18. f4 Nc5 19. b4 Nd7 20. Nc6 Bd8 21. Nxd8 Rxd8 22. Bc5 Nb8 23. Rc2 Nc6 24. Nc1 Bd7 25. Nb3 Rac8 26. Rac1 Be8 27. Qd2 h6 28. Bb6 Rd7 29. Nc5 1-0

[Event "Olympiad Women-36"]
[Site "Mallorca"]
[Date "2004.10.27"]
[Round "12.3"]
[White "Sommer, Sonja"]
[Black "Olsen, Miriam F"]
[Result "1-0"]
[WhiteElo "2043"]
[BlackElo "1998"]
[PlyCount "107"]
[EventDate "2004.10.15"]
[EventType "team-swiss"]
[EventRounds "14"]
[EventCountry "ESP"]
[SourceTitle "CBM 102 Extra"]
[Source "ChessBase"]
[SourceDate "2004.11.03"]
[SourceVersion "1"]
[SourceVersionDate "2004.11.03"]
[SourceQuality "1"]
[WhiteTeam "Austria (W)"]
[BlackTeam "Denmark (W)"]
[WhiteTeamCountry "AUT"]
[BlackTeamCountry "DEN"]

1. e4 c5 2. c3 Nf6 3. e5 Nd5 4. Nf3 Nc6 5. d4 cxd4 6. Bc4 Nb6 7. Bb3 d6 8. exd6 Qxd6 9. 0-0 Na5 10. Bc2 g6 11. Nxd4 Bg7 12. Nb5 Qxd1 13. Rxd1 0-0 14. Bg5 Nc6 15. N1a3 Be5 16. Be3 Be6 17. Bb3 Bxb3 18. axb3 Nc8 19. Nc4 Bg7 20. Rd7 b6 21. Rad1 f5 22. Nc7 Rb8 23. Ne6 Re8 24. Bf4 Bf6 25. Bxb8 Nxb8 26. Rd8 Nd6 27. Rxe8+ Nxe8 28. Rd8 Nc6 29. Rxe8+ Kf7 30. Ra8 Kxe6 31. Rxa7 Na5 32. Nxb6 Nxb3 33. Kf1 Nc1 34. Na4 Kd5 35. Rc7 Kd6 36. Rc8 Nb3 37. Ke2 Kd7 38. Rc4 Na5 39. Rc5 Nb7 40. Rb5 Nd6 41. Rb4 Kc6 42. Kd3 e5 43. f3 Kd5 44. c4+ Kc6 45. Rb6+ Kc7 46. c5 e4+ 47. fxe4 Nxe4 48. b4 Be5 49. h3 Bg3 50. Re6 Kd7 51. Ra6 g5 52. Nc3 Nf2+ 53. Kc4 f4 54. Ra7+ 1-0

[Event "EU-ch U16 Girls"]
[Site "Urgup"]
[Date "2004.07.??"]
[Round "4"]
[White "Olsen, Miriam F"]
[Black "Acar, Gizem"]
[Result "0-1"]
[WhiteElo "2023"]
[BlackElo "1901"]
[PlyCount "118"]
[EventDate "2004.08.??"]
[EventType "swiss"]
[EventRounds "9"]
[EventCountry "TUR"]
[SourceTitle "EXT 2005"]
[Source "ChessBase"]
[SourceDate "2004.11.15"]
[SourceVersion "1"]
[SourceVersionDate "2004.11.15"]
[SourceQuality "1"]

1. e4 g6 2. d4 Bg7 3. Nc3 d6 4. Be3 a6 5. Qd2 b5 6. a3 Nd7 7. Nge2 Bb7 8. Ng3 c5 9. Be2 Ngf6 10. d5 Qc7 11. 0-0 h5 12. h4 Ng4 13. Bg5 c4 14. Rae1 Qc5 15. Bxg4 hxg4 16. h5 Ne5 17. Nce2 gxh5 18. Nf5 Bf6 19. Ned4 Kd7 20. Bxf6 exf6 21. Qf4 Ng6 22. Qg3 Ne7 23. Nxe7 Qxd4 24. Nf5 Qe5 25. f4 gxf3 26. Qxf3 Rag8 27. Qh3 Kd8 28. Qe3 Kc7 29. b3 h4 30. Rf3 h3 31. Rxh3 Rxh3 32. Qxh3 Bxd5 33. Qe3 Bb7 34. bxc4 bxc4 35. Rb1 Qc5 36. Nd4 Re8 37. c3 Bxe4 38. Rf1 Bc6 39. Qh6 Rg8 40. Rf2 Qg5 41. Qxg5 Rxg5 42. Nxc6 Kxc6 43. Rxf6 Rg3 44. Rxf7 Rxc3 45. Rf4 Kc5 46. a4 Rg3 47. Kf2 Rg6 48. a5 d5 49. g4 Kd6 50. Ke3 Ke5 51. Rf5+ Ke6 52. Rf4 Rf6 53. Rd4 Ke5 54. Rd1 Rg6 55. Rd4 Rf6 56. Rd1 Rg6 57. Rd4 Rd6 58. Rf4 d4+ 59. Kf3 Rf6 0-1

[Event "EU-ch U16 Girls"]
[Site "Urgup"]
[Date "2004.07.??"]
[Round "9"]
[White "Vahtra, Tuuli"]
[Black "Olsen, Miriam F"]
[Result "1/2-1/2"]
[WhiteElo "1929"]
[BlackElo "2023"]
[PlyCount "25"]
[EventDate "2004.08.??"]
[EventType "swiss"]
[EventRounds "9"]
[EventCountry "TUR"]
[SourceTitle "EXT 2005"]
[Source "ChessBase"]
[SourceDate "2004.11.15"]
[SourceVersion "1"]
[SourceVersionDate "2004.11.15"]
[SourceQuality "1"]

1. e4 c5 2. Nc3 e6 3. f4 Nc6 4. Nf3 d6 5. g3 g6 6. Bg2 Bg7 7. d3 Nge7 8. 0-0 0-0 9. Be3 Nd4 10. e5 Nef5 11. Bf2 dxe5 12. Nxe5 f6 13. Nc4 1/2-1/2

[Event "Copenhagen AS04 Centenary"]
[Site "Copenhagen"]
[Date "2004.02.15"]
[Round "9"]
[White "Olsen, Miriam F"]
[Black "Nielsen, Borge Hjerrild"]
[Result "1-0"]
[WhiteElo "1980"]
[BlackElo "2132"]
[PlyCount "135"]
[EventDate "2004.02.07"]
[EventType "swiss"]
[EventRounds "9"]
[EventCountry "DEN"]
[SourceTitle "CBM 098 Extra"]
[Source "ChessBase"]
[SourceDate "2004.03.10"]
[SourceVersion "2"]
[SourceVersionDate "2004.03.10"]
[SourceQuality "1"]

1. e4 c6 2. d4 d5 3. Nd2 dxe4 4. Nxe4 Nd7 5. Ng5 Ngf6 6. Bd3 e6 7. N1f3 Bd6 8. Qe2 h6 9. Ne4 Nxe4 10. Qxe4 Qc7 11. Bd2 b6 12. Qg4 Kf8 13. 0-0-0 Nf6 14. Qh4 Bb7 15. Rhe1 c5 16. dxc5 Qxc5 17. Ne5 Qc7 18. Bb4 Bxb4 19. Qxb4+ Qe7 20. Qa4 Qc7 21. Bb5 Kg8 22. g3 a6 23. Bf1 b5 24. Qd4 Rc8 25. Rd2 Bd5 26. a3 Nd7 27. Nxd7 Qxd7 28. Bg2 Rc4 29. Qd3 Qc6 30. Bxd5 exd5 31. Re5 g6 32. Qxd5 Kg7 33. Qxc6 Rxc6 34. Rd7 Rhc8 35. c3 g5 36. Rf5 Rf8 37. f4 Kg6 38. Rdd5 f6 39. fxg5 hxg5 40. Kd2 Rh8 41. Rf2 Rf8 42. g4 Rh8 43. Rd4 Rh4 44. Kc2 Rc4 45. Rxc4 bxc4 46. Rg2 f5 47. gxf5+ Kxf5 48. b3 cxb3+ 49. Kxb3 g4 50. Re2 Rh3 51. Kc4 g3 52. hxg3 Rxg3 53. a4 Rg4+ 54. Kb3 Rg8 55. c4 Rb8+ 56. Kc3 Rc8 57. a5 Rb8 58. Kd4 Rd8+ 59. Kc5 Rc8+ 60. Kd4 Rd8+ 61. Kc5 Rc8+ 62. Kb6 Rxc4 63. Kxa6 Rb4 64. Ka7 Kf6 65. Re8 Kf7 66. Rb8 Ra4 67. a6 Ke7 68. Rb6 1-0